00447nam a2200133 a 450000500170000000800410001705000210005824500400007926000400011944000150015965000100017499900190018495201100020320140414132051.0110712s19uu xx 00 eng d aREF 031bCHI V.9 aChildcraft: Holidays and Birthdays. aChicago :bWorld Book, Inc.,c1987. aChildcraft aEarth c114173d114173 001040aMUbMUcREFd2011-07-12efr. ELIl0oREF 031 CHI V.9pM5925r2014-04-14 00:00:00w2014-04-14yBK